00810nam a2200241 a 450000100060000000300080000600500170001400800410003103500230007203500190009504000370011404100080015108200180015910000460017724501230022325000170034626000620036330000350042550000190046065000160047965000420049565000310053743528BD-RjUL20211209053718.0160622r19471935onca 001 0 eng  a(OCoLC)ocm06809036 a(BD-RjUL)43646 aDLCcBUFdOCLdZCUdBD-RjULbeng aeng a331bKII 19471 aKing, William Lyon Mackenzie,d1874-1950.10aIndustry and humanity :ba study in the principles underlying industrial reconstruction /cWilliam Lyon Mackenzie King aAbsidged ed. aToronto :bMacmillan Co. of Canada,c1935 [Re-issue 1947] axxix, 270 p. :bill. ;c23 cm. aAn abridgment. 0aIndustries. 0aWorking classxHistoryy20th century. 0aReconstruction (1914-1939)